00430cam a2200145 4500008004100000035002000041040000800061050002100069100002100090245007600111260005100187300000900238700001800247999001900265100128n 000 0 eng u a(Sirsi) a168287 aCIP aLB 2838 SOR 1968 aSorenson, Carthy aTeacher Appraisal:a matching Process/cCarthy Sorenson and Cecily Gross aLos Angeles:bUniversity of carlifornia,c1968 a20p. aGross, Cecily c113655d113655